អត្ថបទរឿងសង្ខេប​: (Record no. 6109)

MARC details
000 -LEADER
fixed length control field 00943nam a22002417a 4500
001 - CONTROL NUMBER
control field 6109
003 - CONTROL NUMBER IDENTIFIER
control field FISKH
005 - DATE AND TIME OF LATEST TRANSACTION
control field 20250317161511.0
008 - FIXED-LENGTH DATA ELEMENTS--GENERAL INFORMATION
fixed length control field 250314b cb ||||| |||| 00| 0 eng d
020 ## - INTERNATIONAL STANDARD BOOK NUMBER
International Standard Book Number 9789996333262
040 ## - CATALOGING SOURCE
Original cataloging agency FISKH
Language of cataloging Khmer
Transcribing agency FISKH
Modifying agency FISKH
050 ## - LIBRARY OF CONGRESS CALL NUMBER
Classification number PZ7
082 ## - DEWEY DECIMAL CLASSIFICATION NUMBER
Classification number 800
100 ## - MAIN ENTRY--PERSONAL NAME
Personal name Sokheng, Kong
245 ## - TITLE STATEMENT
Title អត្ថបទរឿងសង្ខេប​:
Statement of responsibility, etc. គង់ សុខហេង
Remainder of title សម្រាប់ថ្នាក់មធ្យមសិក្សាចំណេះទូទៅ ស្របតាមកម្មវិធិសិក្សាថ្មីរបស់ក្រសួងអប់រំ /
250 ## - EDITION STATEMENT
Edition statement បោះពុម្ពលើកទី២
260 ## - PUBLICATION, DISTRIBUTION, ETC.
Place of publication, distribution, etc. Phnom Penh :
Name of publisher, distributor, etc. Pai Net ;
Date of publication, distribution, etc. 2014 .
300 ## - PHYSICAL DESCRIPTION
Extent 239​​ pages :
Other physical details illustrations ;
Dimensions 20 cm .
650 ## - SUBJECT ADDED ENTRY--TOPICAL TERM
Topical term or geographic name entry element អត្ថបទរឿងសង្ខេប
650 ## - SUBJECT ADDED ENTRY--TOPICAL TERM
Topical term or geographic name entry element Synopsis
942 ## - ADDED ENTRY ELEMENTS (KOHA)
Source of classification or shelving scheme Dewey Decimal Classification
Koha item type Books
Suppress in OPAC No
Holdings
Withdrawn status Lost status Source of classification or shelving scheme Damaged status Not for loan Collection Home library Current library Shelving location Date acquired Total Checkouts Full call number Barcode Date last seen Date last checked out Copy number Price effective from Koha item type
    Dewey Decimal Classification     Khmer Language Books / សៀវភៅភាសាខ្មែរ Footprints International School Library Network Toul Tom Poung Campus Footprints International School Library Network Toul Tom Poung Campus TTP Secondary Khmer Bookshelves 03/14/2025 1 SOKPZ7 400 FISSE01708 11/10/2025 09/30/2025 1 03/14/2025 Books
    Dewey Decimal Classification     Khmer Language Books / សៀវភៅភាសាខ្មែរ Footprints International School Library Network Toul Tom Poung Campus Footprints International School Library Network Toul Tom Poung Campus TTP Secondary Khmer Bookshelves 04/09/2025   SOK PZ7 400 FISSE01612 04/09/2025   2 04/09/2025 Books
    Dewey Decimal Classification     Khmer Language Books / សៀវភៅភាសាខ្មែរ Footprints International School Library Network Toul Tom Poung Campus Footprints International School Library Network Toul Tom Poung Campus TTP Secondary Khmer Bookshelves 04/09/2025   SOK PZ7 400 2025-1341 05/21/2025   3 04/09/2025 Books